The Yorkshire and North of England Land Agents' and Surveyors' Association (Record no. 116801)

MARC details
000 -LEADER
fixed length control field 00801ckm a22002055a 4500
001 - CONTROL NUMBER
control field L143198
008 - FIXED-LENGTH DATA ELEMENTS--GENERAL INFORMATION
fixed length control field 080415s1908 xxk eng u
035 ## - SYSTEM CONTROL NUMBER
System control number (Sirsi) u143198
041 ## - LANGUAGE CODE
Language code of text/sound track or separate title eng
110 2# - MAIN ENTRY--CORPORATE NAME
Corporate name or jurisdiction name as entry element Yorkshire and North of England Land Agents' and Surveyors' Association
9 (RLIN) 5535
245 04 - TITLE STATEMENT
Title The Yorkshire and North of England Land Agents' and Surveyors' Association
Remainder of title portraits of members 1908
-- [graphic]
260 ## - PUBLICATION, DISTRIBUTION, ETC.
Date of publication, distribution, etc. 1908
300 ## - PHYSICAL DESCRIPTION
Extent 1v.
Other physical details b&w
Dimensions 44 cm. +
Accompanying material 3 sheets (33 x 21 cm., or smaller)
340 ## - PHYSICAL MEDIUM
Material base and configuration Photograph
351 ## - ORGANIZATION AND ARRANGEMENT OF MATERIALS
Hierarchical level Single item
500 ## - GENERAL NOTE
General note Album is accompanied by correspondence relating to the donation of the item to the Chartered Surveyors' Institution in July 1939.
651 4# - SUBJECT ADDED ENTRY--GEOGRAPHIC NAME
Geographic name Great Britain
Chronological subdivision 1707-
690 ## - LOCAL SUBJECT ADDED ENTRY--TOPICAL TERM (OCLC, RLIN)
Topical term or geographic name as entry element ABOUT RICS-RELATED ORGANISATIONS
942 ## - ADDED ENTRY ELEMENTS (KOHA)
Suppress in OPAC 0
Holdings
Withdrawn status Lost status Source of classification or shelving scheme Damaged status Not for loan Home library Current library Shelving location Date acquired Total Checkouts Full call number Barcode Date last seen Copy number Price effective from Koha item type
    Dewey Decimal Classification     London London Basement 15/04/2008   BASEMENT 143198-1001 06/08/2019 1 06/08/2019 Archive